A közmüvelődés [!közművelődés] helye a kulturális forradalomban
Elmentve itt :
| Szerző: | |
|---|---|
| Testületi szerző: | |
| Dokumentumtípus: | Könyv része |
| Megjelent: |
1974
|
| Sorozat: | Szegedi Nyári Egyetem : művelődéselmélet
3 Közművelődés : összeállítás a TIT Szegedi Művelődéselméleti Nyári Egyetemén elhangzott előadásokból 3 |
| Kulcsszavak: | Művelődéselmélet - marxista, Kulturális haladás - szocialista, Kulturális forradalom - szocialista |
| Tárgyszavak: | |
| Online Access: | http://acta.bibl.u-szeged.hu/44816 |
| LEADER | 01052naa a2200229 i 4500 | ||
|---|---|---|---|
| 001 | acta44816 | ||
| 005 | 20220128140703.0 | ||
| 008 | 170609s1974 hu o 0|| hun d | ||
| 022 | |a 0139-4118 | ||
| 040 | |a SZTE Egyetemi Kiadványok Repozitórium |b hun | ||
| 041 | |a hun | ||
| 100 | 1 | |a Vonsik Gyula | |
| 245 | 1 | 2 | |a A közmüvelődés [!közművelődés] helye a kulturális forradalomban |h [elektronikus dokumentum] / |c Vonsik Gyula |
| 260 | |c 1974 | ||
| 300 | |a 53-86 | ||
| 490 | 0 | |a Szegedi Nyári Egyetem : művelődéselmélet |v 3 | |
| 490 | 0 | |a Közművelődés : összeállítás a TIT Szegedi Művelődéselméleti Nyári Egyetemén elhangzott előadásokból |v 3 | |
| 650 | 4 | |a Bölcsészettudományok | |
| 650 | 4 | |a Egyéb bölcsészettudományok | |
| 695 | |a Művelődéselmélet - marxista, Kulturális haladás - szocialista, Kulturális forradalom - szocialista | ||
| 710 | |a TIT Szegedi Művelődéselméleti Nyári Egyetem (3.) (1974) (Szeged) | ||
| 856 | 4 | 0 | |u http://acta.bibl.u-szeged.hu/44816/1/sznye_muveledoselmelet_003_053-086.pdf |z Dokumentum-elérés |